ბათუმის შოთა რუსთაველის სახელმწიფო უნივერსიტეტის ბიბლიოთეკა

How to Use Work Group Supervision to Improve Early Years Practice / (ბიბ.ჩანაწერი № 58400)

000 -LEADER
fixed length control field 00918nam a22001817a 4500
005 - DATE AND TIME OF LATEST TRANSACTION
control field 20221105191316.0
008 - FIXED-LENGTH DATA ELEMENTS--GENERAL INFORMATION
fixed length control field 220117s2021 enk||||| |||| 00| 0 eng d
020 ## - INTERNATIONAL STANDARD BOOK NUMBER
International Standard Book Number 9780367184612x
041 ## - LANGUAGE CODE
Language code of text/sound track or separate title eng
080 ## - UNIVERSAL DECIMAL CLASSIFICATION NUMBER
Universal Decimal Classification number 372 L-93
100 ## - MAIN ENTRY--PERSONAL NAME
Personal name Louis, Stella
9 (RLIN) 13395
245 ## - TITLE STATEMENT
Title How to Use Work Group Supervision to Improve Early Years Practice /
Statement of responsibility, etc. Stella, Louis.
264 ## - PRODUCTION, PUBLICATION, DISTRIBUTION, MANUFACTURE, AND COPYRIGHT NOTICE
Place of production, publication, distribution, manufacture London :
Name of producer, publisher, distributor, manufacturer Routledge, Taylor & Francis Group,
Date of production, publication, distribution, manufacture, or copyright notice 2021.
300 ## - PHYSICAL DESCRIPTION
Extent 160 p.;
Other physical details 24 cm.
653 ## - INDEX TERM--UNCONTROLLED
keyword როგორ გამოვიყენოთ სამუშაო ჯგუფის ზედამხედველობა ადრეული წლების პრაქტიკის გასაუმჯობესებლად
653 ## - INDEX TERM--UNCONTROLLED
keyword Как использовать супервизию рабочей группы для улучшения практики в раннем возрасте
942 ## - ADDED ENTRY ELEMENTS (KOHA)
Source of classification or shelving scheme
Koha item type წიგნი
ეგზემპლარები
Withdrawn status Lost status Source of classification or shelving scheme Damaged status Not for loan Permanent Location Current Location Shelving location Date acquired Cost, normal purchase price Full call number Barcode Date last seen Copy number Price effective from Koha item type Public note
          ბათუმის შოთა რუსთაველის სახელმწიფო უნივერსიტეტის მთავარი ბიბლიოთეკა ბათუმის შოთა რუსთაველის სახელმწიფო უნივერსიტეტის მთავარი ბიბლიოთეკა წიგნსაცავი 2022-01-17 50.00 372 L-93 62119 2022-01-17 62119 2022-01-17 წიგნი 50 ლ.